000 00521nam a22002177a 4500
003 UA-OsUOA
001 105825
007 ta
008 20140407b un ||||| |||| 00| 0 ukr d
100 _aПанасюк Л.
090 _a908
_bП16
942 _cSA
040 _aUA-OsUOA
_bukr
_cUA-OsUOA
_dUA-OsUOA
245 _aУкраїна очима студентів з півдня
300 _aС.7
955 _a0
041 _aukr
080 _a908
773 0 _w105824
650 7 _a908 Краєзнавство
_2UDC
999 _c392154
_d392154